|
|
|
|
| LEADER |
01651nam a2200301 u 4500 |
| 001 |
10095688 |
| 003 |
upatras |
| 005 |
20220128123216.0 |
| 008 |
111219s1996 gr gre |
| 952 |
|
|
|0 0
|1 0
|4 0
|6 541_300000000000000_ΓΙΑ
|7 0
|9 106162
|a LISP
|b LISP
|c BSC
|d 2016-04-24
|i 106157
|l 1
|m 1
|o 541.3 ΓΙΑ
|p 025000200544
|r 2019-09-03 00:00:00
|s 2019-05-30
|t 1
|w 2016-04-24
|y BK15
|
| 952 |
|
|
|0 0
|1 0
|2 ddc
|4 0
|6 541_300000000000000_ΓΙΑ
|7 0
|9 355277
|a MSLG
|b MSLG
|c EUD
|d 2022-01-28
|i 29799
|l 0
|o 541.3 ΓΙΑ
|p 992420029799
|r 2022-01-28 00:00:00
|t 2
|w 2022-01-28
|y BK15
|
| 952 |
|
|
|0 0
|1 0
|2 ddc
|4 0
|6 541_300000000000000_ΓΙΑ
|7 0
|9 355279
|a MSLG
|b MSLG
|c EUD
|d 2022-01-28
|i 29800
|l 0
|o 541.3 ΓΙΑ
|p 992420029800
|r 2022-01-28 00:00:00
|t 3
|w 2022-01-28
|y BK15
|
| 999 |
|
|
|c 71361
|d 71361
|
| 020 |
|
|
|a 9604312456
|
| 040 |
|
|
|a GR-PaULI
|b gre
|c GR-PaULI
|e AACR2
|
| 041 |
0 |
|
|a gre
|
| 082 |
|
|
|2 23
|a 541.3
|
| 100 |
1 |
|
|a Γιαννακουδάκης, Δημήτριος Α.
|9 35904
|e συγγραφέας.
|
| 245 |
1 |
0 |
|a Επίτομη φυσικοχημεία /
|c Δ.Α. Γιαννακουδάκη, Π.Δ. Γιαννακουδάκη
|
| 260 |
|
|
|a Θεσσαλονίκη :
|b Ζήτη,
|c 1996.
|
| 300 |
|
|
|a 360 σ. :
|b σχήμ., πίν. ;
|c 24 εκ.
|
| 504 |
|
|
|a Περιλαμβάνει ευρετήριο.
|
| 650 |
|
4 |
|9 1053
|a Φυσικοχημεία
|
| 700 |
1 |
|
|a Γιαννακουδάκης, Παναγιώτης Δ.
|9 102586
|
| 852 |
|
|
|a GR-PaULI
|b ΠΑΤΡΑ
|b ΒΚΠ
|b ΒΣ1
|k ΑΣΧΕ
|h 541.3 ΓΙΑ
|m 106157
|p 025000200544
|t 1
|
| 942 |
|
|
|2 ddc
|c BK15
|
| 998 |
|
|
|c ΜΠΟΥΡΑΣ
|d 2011-12
|
| 998 |
|
|
|c ΑΔΑΜΟΠΟΥΛΟΥ
|d 2022-01
|